Top 10 best scorers of all time. - Statistics

General Stats
  • This quiz has been taken 40 times
  • The average score is 6 of 10
Answer Stats
Goals Nation Most goals for Answer % Correct
803 Portugal Real Madrid Cristiano
100%
758 Argentina Barcelona Messi
100%
765 Brazil Santos Pele
100%
746 Hungary Real Madrid Puskas
97%
634 Germany Bayern Gerd Muller
94%
622 Portugal Benfica Eusebio
83%
753 Brazil PSV Eindhoven Romario
49%
720 Czech Republic Slavia Prague Joseph Bican
9%
647 Northern Ireland Glenavon Jimmy Jones
0%
616 Ireland Linfield Joe Bambrick
0%
No matching quizzes found
Score Distribution
Percent of People with Each Score
Percentile by Number Answered
Your Score History
You have not taken this quiz